Persona 5: Social links - Statistics

General Stats
  • This quiz has been taken 52 times
  • The average score is 20 of 23
Answer Stats
Arcana Character % Correct
Lovers Ann Takamaki
98%
Hermit Futaba Sakura
95%
Priestress Makoto nijima
95%
Magician Morgana
95%
Chariot Ryuji Sakamoto
95%
Emperor Yusuke Kitagawa
95%
Justice Goro Akechi
93%
Empress Haru okumura
93%
Fool Igor
91%
Judgement Sae Nijima
91%
Hierophant Sojiro Sakura
91%
Faith Sumire Yoshizawa
91%
Councillor Takuto Maruki
89%
Death Tae Takemi
84%
Star Hifumi Togo
82%
Hanged man Munehisa Iwai
82%
Temperance Sadayo Kawakami
82%
Moon Yuuki Mishima
82%
Devil Ichiko Ohya
80%
Strength Justine and Caroline
80%
Fortune Chihaya Mifune
73%
Sun Toranosuke Yoshida
55%
Tower Shinya Oda
50%
No matching quizzes found
Score Distribution
Percent of People with Each Score
Percentile by Number Answered
Your Score History
You have not taken this quiz